Normal view
MARC view
Entry Personal Name
001 - CONTROL NUMBER
- control field: 19821
003 - CONTROL NUMBER IDENTIFIER
- control field: ARRUPE
005 - DATE AND TIME OF LATEST TRANSACTION
- control field: 20150911102717.0
008 - FIXED-LENGTH DATA ELEMENTS
- fixed length control field: 150911|| aca||aabn | a|a d
040 ## - CATALOGING SOURCE
- Original cataloging agency: ARRUPE
- Transcribing agency: ARRUPE
100 ## - HEADING--PERSONAL NAME
- Personal name: Conant, James Bryant,
- Relator term: ed.
670 ## - SOURCE DATA FOUND
- Source citation: Work cat.: (ARRUPE)123289: 1893-1978 ed. 19484, Pasteur's and Tyndall's study of spontaneous generation., 1953.